000 01160nam a2200253Ia 4500
999 _c56025
_d56025
001 23125
003 GE_BSU
005 20230713103644.0
008 181216s1953||||ge |||||||||||||| ||geo||
040 _cGE_BSU
041 _ageo
080 _a821.133.1-31 ბ-40
100 _aბედიე, ჟოზეფ
_919291
245 _aწიგნი ტრისტანისა და იზოლდასი /
_cჟოზეფ ბედიე ; მთარგმნ. გ. ქიქოძე.
264 _aთბილისი :
_bსაბჭ. მწერალი,
_c1953
300 _a268 გვ. ;
_c15 სმ.
500 _aავტ. მოცემულია საგამომცემლო ცნობებში
500 _aდანართი "შენიშვნები" გვ. 266
520 _aავტ. მოცემულია საგამომცემლო ცნობებში.
541 _h0,82 თ.
653 _aწიგნი ტრისტანისა და იზოლდასი
700 _a ქიქოძე, გ.
_eმთარგმნელი
_919292
942 _cBK
_2udc